[Event "GER-chT U20 Girls"]
[Site "Osnabrueck"]
[Date "2018.12.29"]
[Round "6.1"]
[White "Schiewe, Nadine"]
[Black "Simon, Tessa"]
[Result "1/2-1/2"]
[WhiteElo "1527"]
[BlackElo "1929"]
[PlyCount "56"]
[EventDate "2018.12.27"]
[EventType "team-swiss"]
[EventRounds "7"]
[EventCountry "GER"]
[SourceTitle "CBM 188 Extra"]
[Source "ChessBase"]
[SourceDate "2019.02.28"]
[SourceVersion "1"]
[SourceVersionDate "2019.02.28"]
[SourceQuality "1"]
[WhiteTeam "Leegebruch"]
[BlackTeam "Muldental Wilkau Hasslau"]
[WhiteTeamCountry "GER"]
[BlackTeamCountry "GER"]

1. d4 d5 2. Nf3 Nf6 3. e3 c5 4. c3 Qc7 5. Bd3 g6 6. Ne5 Nfd7 7. f4 Bg7 8. 0-0 0-0 9. Nd2 Nxe5 10. fxe5 f6 11. exf6 Rxf6 12. Rxf6 Bxf6 13. Qf3 Be6 14. Nf1 Bf7 15. Bd2 Nd7 16. Be1 Re8 17. Bb5 Rc8 18. Bg3 Qd8 19. Re1 a6 20. Ba4 b5 21. Bb3 c4 22. Bc2 e5 23. Nd2 exd4 24. exd4 Qb6 25. Qf2 Re8 26. Nf3 Rxe1+ 27. Qxe1 a5 28. a3 Be6 1/2-1/2

[Event "Innsbruck op-A 2nd"]
[Site "Innsbruck"]
[Date "2018.08.24"]
[Round "1"]
[White "Deglmann, Ludwig"]
[Black "Simon, Tessa"]
[Result "1-0"]
[WhiteElo "2270"]
[BlackElo "1989"]
[PlyCount "127"]
[EventDate "2018.08.24"]
[EventType "swiss"]
[EventRounds "9"]
[EventCountry "AUT"]
[SourceTitle "CBM 186 Extra"]
[Source "ChessBase"]
[SourceDate "2018.08.24"]
[SourceVersion "1"]
[SourceVersionDate "2018.08.24"]
[SourceQuality "1"]

1. c4 e5 2. g3 Nf6 3. Bg2 Nc6 4. Nc3 Bc5 5. a3 a6 6. e3 d6 7. Nge2 0-0 8. 0-0 Ba7 9. d3 Be6 10. Nd5 Bxd5 11. cxd5 Ne7 12. e4 c6 13. Bg5 Nd7 14. dxc6 bxc6 15. d4 h6 16. Be3 exd4 17. Nxd4 Ne5 18. Qe2 Qd7 19. Rad1 Rfd8 20. h3 c5 21. Nf5 Nxf5 22. exf5 Rab8 23. f6 Qf5 24. fxg7 Kxg7 25. Qxa6 Bb6 26. f4 Ng6 27. Rd5 Qc2 28. Rf2 Qb3 29. Rd3 Qa2 30. b4 Qb1+ 31. Kh2 Re8 32. Qc4 Qe1 33. Rf1 Qe2 34. Qc3+ Kg8 35. bxc5 Bxc5 36. Rf2 Qh5 37. Bxc5 Qxc5 38. Qxc5 dxc5 39. Rc2 Rb5 40. Bc6 Reb8 41. Bxb5 Rxb5 42. h4 Kg7 43. Rd5 Rb3 44. a4 Ra3 45. Rc4 Nf8 46. Rdxc5 Nd7 47. Rb5 Nf6 48. Kh3 Kg6 49. Rc6 Kg7 50. a5 Ne4 51. a6 Nxg3 52. Rb7 Ne2+ 53. Kh2 Nxf4 54. a7 Ra2+ 55. Kg1 Ne2+ 56. Kf1 Ng3+ 57. Ke1 Ra1+ 58. Kd2 Nf1+ 59. Kd3 Ra3+ 60. Rc3 Ra6 61. Rc8 Ra3+ 62. Ke4 Ng3+ 63. Kd5 Ra5+ 64. Kc6 1-0

[Event "GER-chT Lands U20"]
[Site "Hannover"]
[Date "2017.10.04"]
[Round "7.6"]
[White "Simon, Tessa"]
[Black "Ziegenfuss, Antonia"]
[Result "1-0"]
[WhiteElo "1888"]
[BlackElo "1899"]
[PlyCount "47"]
[EventDate "2017.09.29"]
[EventType "team-swiss"]
[EventRounds "7"]
[EventCountry "GER"]
[SourceTitle "EXT 2018"]
[Source "ChessBase"]
[SourceDate "2017.10.13"]
[SourceVersion "1"]
[SourceVersionDate "2017.10.13"]
[SourceQuality "1"]
[WhiteTeam "Sachsen U20"]
[BlackTeam "Baden U20"]
[WhiteTeamCountry "GER"]
[BlackTeamCountry "GER"]

1. e4 c5 2. Nf3 e6 3. d4 cxd4 4. Nxd4 Nf6 5. Nc3 Nc6 6. Be2 Bb4 7. 0-0 Bxc3 8. bxc3 Nxe4 9. Nxc6 bxc6 10. Bd3 Nc5 11. Ba3 Nxd3 12. Qxd3 d5 13. Qg3 g6 14. Rfe1 f6 15. f4 Kf7 16. Re3 Qc7 17. Qh4 Rb8 18. f5 g5 19. fxe6+ Kg7 20. Qh5 Ra8 21. Bd6 Qb7 22. Rf1 a5 23. Be5 Rf8 24. Qxg5+ 1-0

[Event "GER-chT Lands U20"]
[Site "Hannover"]
[Date "2017.10.03"]
[Round "5.6"]
[White "Grossmann, Piet"]
[Black "Simon, Tessa"]
[Result "0-1"]
[WhiteElo "1560"]
[BlackElo "1888"]
[PlyCount "54"]
[EventDate "2017.09.29"]
[EventType "team-swiss"]
[EventRounds "7"]
[EventCountry "GER"]
[SourceTitle "EXT 2018"]
[Source "ChessBase"]
[SourceDate "2017.10.13"]
[SourceVersion "1"]
[SourceVersionDate "2017.10.13"]
[SourceQuality "1"]
[WhiteTeam "Mecklenburg Vorpommern U20"]
[BlackTeam "Sachsen U20"]
[WhiteTeamCountry "GER"]
[BlackTeamCountry "GER"]

1. e4 c5 2. Nf3 Nc6 3. c3 Nf6 4. e5 Nd5 5. d4 cxd4 6. cxd4 d6 7. Bc4 Nb6 8. Bb5 dxe5 9. Nxe5 Bd7 10. Bxc6 Bxc6 11. Nxc6 bxc6 12. 0-0 g6 13. Be3 Bg7 14. Nc3 0-0 15. Qf3 Qd7 16. Ne2 Nd5 17. Rac1 Rab8 18. b3 Rfd8 19. Rc4 a6 20. Rfc1 Nb4 21. a3 Nd3 22. R1c3 Ne5 23. Qe4 Nxc4 24. bxc4 c5 25. Rc1 cxd4 26. Bxd4 Bxd4 27. Nxd4 Qxd4 0-1

[Event "GER-ch U18 Girls"]
[Site "Willingen"]
[Date "2017.06.04"]
[Round "2"]
[White "Ley, Sabrina"]
[Black "Simon, Tessa"]
[Result "1-0"]
[WhiteElo "1792"]
[BlackElo "1859"]
[PlyCount "67"]
[EventDate "2017.06.04"]
[EventType "swiss"]
[EventRounds "9"]
[EventCountry "GER"]
[SourceTitle "CBM 178 Extra"]
[Source "ChessBase"]
[SourceDate "2017.06.22"]
[SourceVersion "1"]
[SourceVersionDate "2017.06.22"]
[SourceQuality "1"]

1. e4 c5 2. Nc3 Nc6 3. Bb5 e6 4. Bxc6 bxc6 5. d3 d6 6. f4 g6 7. Nf3 Bg7 8. 0-0 Ne7 9. Qe1 0-0 10. e5 Nf5 11. Ne4 Ba6 12. exd6 c4 13. dxc4 Bxc4 14. Rf2 Nxd6 15. Nxd6 Qxd6 16. c3 Bd5 17. Be3 Rfd8 18. Rd1 Qc7 19. b3 Bxf3 20. Rxd8+ Rxd8 21. gxf3 Rd3 22. Bd2 Qd8 23. Kg2 Bf6 24. Qc1 Bh4 25. Re2 Qd5 26. Be3 e5 27. c4 Qd6 28. Qc2 exf4 29. Bxf4 Qd7 30. Bh6 Rd4 31. Qc3 Bf6 32. Qe3 Rg4+ 33. fxg4 Qxg4+ 34. Kh1 1-0

[Event "GER-chT Lands U20"]
[Site "Hannover"]
[Date "2016.10.02"]
[Round "3.5"]
[White "Simon, Tessa"]
[Black "Pfreundt, Mathis"]
[Result "0-1"]
[WhiteElo "1849"]
[BlackElo "1899"]
[PlyCount "86"]
[EventDate "2016.10.01"]
[EventType "team-swiss"]
[EventRounds "7"]
[EventCountry "GER"]
[SourceTitle "CBM 174 Extra"]
[Source "ChessBase"]
[SourceDate "2016.10.10"]
[SourceVersion "1"]
[SourceVersionDate "2016.10.10"]
[SourceQuality "1"]
[WhiteTeam "Sachsen"]
[BlackTeam "Hamburg"]
[WhiteTeamCountry "GER"]
[BlackTeamCountry "GER"]

1. e4 c5 2. Nf3 Nc6 3. d4 cxd4 4. Nxd4 g6 5. Nc3 Bg7 6. Be3 Nf6 7. Bc4 Qa5 8. 0-0 0-0 9. Bb3 d6 10. h3 Bd7 11. f4 Nxd4 12. Bxd4 Bc6 13. Qd3 Nd7 14. Bxg7 Kxg7 15. Rae1 Qc5+ 16. Kh1 Rac8 17. Re3 b5 18. Ne2 a5 19. c3 b4 20. cxb4 Qxb4 21. a3 Qb6 22. Nd4 Bb7 23. Bc4 Kg8 24. Rd1 Nc5 25. Qe2 Nxe4 26. Bd3 d5 27. Bxe4 dxe4 28. Rg3 Rfd8 29. Nf5 Qf6 30. Rxd8+ Rxd8 31. Qb5 Bc8 32. Nh6+ Kg7 33. Ng4 Qxf4 34. Qe5+ Qxe5 35. Nxe5 a4 36. Re3 Bb7 37. Kg1 f5 38. Rc3 Rd1+ 39. Kh2 Rd2 40. b4 axb3 41. Rxb3 Bd5 42. Rc3 e3 43. Rxe3 Rxg2+ 0-1

[Event "Lueneburg op-A"]
[Site "Lueneburg"]
[Date "2016.07.01"]
[Round "1"]
[White "Simon, Tessa"]
[Black "Karpatchev, Aleksandr"]
[Result "0-1"]
[WhiteElo "1881"]
[BlackElo "2489"]
[PlyCount "60"]
[EventDate "2016.07.01"]
[EventType "swiss"]
[EventRounds "9"]
[EventCountry "GER"]
[SourceTitle "CBM 173 Extra"]
[Source "ChessBase"]
[SourceDate "2016.08.29"]
[SourceVersion "1"]
[SourceVersionDate "2016.08.29"]
[SourceQuality "1"]

1. e4 e5 2. Nf3 Nc6 3. Bb5 g6 4. 0-0 Bg7 5. c3 a6 6. Ba4 Nge7 7. d4 exd4 8. cxd4 b5 9. Bb3 Na5 10. Bc2 d6 11. h3 0-0 12. Nc3 Bb7 13. Nh2 c5 14. d5 f5 15. exf5 Nxf5 16. Ng4 Nc4 17. Rb1 Nd4 18. Bd3 Ne5 19. Nh6+ Kh8 20. Be3 Qh4 21. Ng4 Nxd3 22. Qxd3 Bc8 23. Rbd1 Bxg4 24. hxg4 Qxg4 25. Bxd4 Bxd4 26. b3 Rae8 27. a4 b4 28. Nb1 Re5 29. Nd2 Rxf2 30. Rxf2 Qxd1+ 0-1

[Event "GER-ch U16 Girls"]
[Site "Willingen"]
[Date "2015.05.30"]
[Round "9"]
[White "Simon, Tessa"]
[Black "Silber, Stefanie"]
[Result "1/2-1/2"]
[WhiteElo "1818"]
[BlackElo "1520"]
[PlyCount "96"]
[EventDate "2015.05.24"]
[EventType "swiss"]
[EventRounds "9"]
[EventCountry "GER"]
[SourceTitle "CBM 166 Extra"]
[Source "ChessBase"]
[SourceDate "2015.06.18"]
[SourceVersion "1"]
[SourceVersionDate "2015.06.18"]
[SourceQuality "1"]

1. e4 g6 2. d4 Bg7 3. Nc3 e6 4. Nf3 Ne7 5. Be2 d6 6. 0-0 Nd7 7. Be3 b6 8. Qd2 Bb7 9. Rad1 0-0 10. Bh6 Nf6 11. Bxg7 Kxg7 12. Bd3 Rc8 13. Rfe1 Qd7 14. e5 Nfd5 15. Ne4 f5 16. Ng3 Nc6 17. a3 Nde7 18. Qg5 h6 19. Nh5+ Kh7 20. Nf6+ Rxf6 21. Qxf6 d5 22. Qf7+ Kh8 23. Re3 Qe8 24. Qf6+ Kg8 25. Qxe6+ Qf7 26. Qxf7+ Kxf7 27. c3 g5 28. Ree1 Rg8 29. Nd2 Bc8 30. Nf1 f4 31. Bc2 g4 32. b3 h5 33. c4 h4 34. cxd5 Nxd5 35. b4 f3 36. g3 hxg3 37. Nxg3 Rh8 38. Bb3 Nce7 39. Ne4 Kg7 40. Bxd5 Nxd5 41. Rc1 Ba6 42. Nf6 Nf4 43. Rxc7+ Kg6 44. Nxg4 Rh4 45. Rc6+ Kg5 46. Ne3 Nh3+ 47. Kh1 Nxf2+ 48. Kg1 Nh3+ 1/2-1/2

[Event "GER-ch U16 Girls"]
[Site "Willingen"]
[Date "2015.05.24"]
[Round "1"]
[White "Oberhofer, Marie"]
[Black "Simon, Tessa"]
[Result "0-1"]
[WhiteElo "1554"]
[BlackElo "1818"]
[PlyCount "94"]
[EventDate "2015.05.24"]
[EventType "swiss"]
[EventRounds "9"]
[EventCountry "GER"]
[SourceTitle "CBM 166 Extra"]
[Source "ChessBase"]
[SourceDate "2015.06.18"]
[SourceVersion "1"]
[SourceVersionDate "2015.06.18"]
[SourceQuality "1"]

1. e4 c5 2. Nf3 Nc6 3. d4 cxd4 4. Nxd4 Nf6 5. Nc3 e5 6. Ndb5 d6 7. Bg5 a6 8. Na3 b5 9. Bxf6 gxf6 10. Nd5 Bg7 11. Bd3 Ne7 12. Nxe7 Qxe7 13. 0-0 0-0 14. c3 f5 15. Qh5 f4 16. Nc2 Be6 17. a4 bxa4 18. Rxa4 a5 19. Rfa1 Qc7 20. Ne1 Rfb8 21. Qe2 Ra7 22. Ba6 Qb6 23. Rxa5 Qxb2 24. Qxb2 Rxb2 25. Nd3 Rc2 26. R5a3 Rc7 27. Rc1 Rxc1+ 28. Nxc1 f5 29. exf5 Bxf5 30. Be2 e4 31. Ra8+ Kf7 32. Bh5+ Bg6 33. Bxg6+ hxg6 34. Ra4 Rxc3 35. Ne2 Rd3 36. h3 Be5 37. Rxe4 Rd1+ 38. Kh2 Re1 39. Rxf4+ Bxf4+ 40. Nxf4 Kf6 41. Kg3 g5 42. Nd5+ Ke5 43. Ne3 d5 44. Kg4 d4 45. Nf5 d3 46. Kxg5 d2 47. Ne3 Rxe3 0-1